00777nam a2200181 a 450000100100000000500170001000800410002704000250006808200160009310000280010924500800013726000440021730000210026150000340028259000750031695201870039199900170057800003541720200930074328.0090819s19-- mx 001 0 spa d aDO-SdBNPbspacBNPHU axxxxbG216h1 aShcheglov, A. V.96124910aHistoria general de la filosofía de Socrates a Sheler /cA. V. Shcheglov. aMéxico :bEdiciones Paoloo,c[19--?]. a362 p. ;c21 cm. aTraducción directa del ruso aPerteneció a la biblioteca personal de Juan Isidro Jimenes Grullón 001050718MOaGRbGRcCTd2011-10-31iLF1l0oxxxx G216hp35417-10r2020-06-25w2020-06-25y1zPerteneció a la biblioteca personal de Juan Isidro Jimenes -GrullónZNo se presta c34908d34908